00534 2200193 4500001002100000008004100021035001900062245007300081100001600154250000900170260003700179300002900216020002100245084001500266082000900281650001600290990001700306990001700323INLIS000000000011042 Ind $a 0010-0621000432$a Ampuhnya Tanaman hias bagi kesehatan dan kecantikan / $c Dewi Puspita$a Dewi Puspita$a Cet.1$a Yogyakarta: $b Laksana : $c 2019 $a 108 hlm. ; $c 14 x 20 cm.$a 978-602-407-619-1$a 635.9 Dew a$a 635.9$a tanaman hias$a 34643/pb/2021$a 34644/pb/2021